| 000 | 00538nam a22001937a 4500 | ||
|---|---|---|---|
| 999 |
_c526151 _d526151 |
||
| 003 | NUST | ||
| 005 | 20190709053201.0 | ||
| 008 | 190709b ||||| |||| 00| 0 eng d | ||
| 038 | _aWaseem | ||
| 082 |
_a891.49101 _bSHA |
||
| 100 |
_aShahid, Muhammad Akram _917120 |
||
| 245 |
_aAdab Naginay / _cMuhammad Akram Shahid |
||
| 260 |
_aLahore : _bMaqsood Publisher, _cS.L. |
||
| 300 | _a695 p. : | ||
| 500 | _aPaper cover. | ||
| 880 |
_6100-01\r _aمحمد اکرم شاہد |
||
| 880 |
_6245-02\r _aادب نگینے / |
||
| 942 |
_2ddc _cBK |
||